000 00613nam a22001337a 4500
999 _c529100
_d529100
008 250221b ||||| |||| 00| 0 eng d
100 _a Shonyothem, N.G.
_950774
245 _a Mauritius and China: Diplomatic, cultural and educational cooperation
260 _aWorld Affairs: The Journal of International Issues
300 _a28(4), Oct-Dec, 2024: p.146-163
520 _aDespite being a small island county, Mauritius has developed considerably in compression in the majority of other African national. – Reproduced
773 _aWorld Affairs: The Journal of International Issues
942 _cAR